=LDR 00000nam 2200000 4500 =001 INLIS000000000024601 =005 20231003011316 =035 ##$$a 0010-061300000024601 =008 231003################g##########0#ind## =041 ##$$a Ind =082 ##$$a 398.353 =090 ##$$a 398.353, Roh k =100 ##$$a Rahimsyah, M.B =245 1#$$a Kisah jenaka Abu Nawas, /$c M.B. Rahimsyah =260 ##$$a [s.a] :$b Surabaya,$c [s.a] =300 ##$$a 80 hlm : $b Ilus ; $c 21 cm =650 #4$$a Cerita rakyat =850 ##$$a NBPNMAT =084 ##$$a 398.353 RAH k =990 ##$$a 07940794 =990 ##$$a 20615066